000
00303nam a22001337a 4500
999
_c
13097
_d
13097
020
_a
978812242092
082
_a
543
100
_a
S M Khopkar
245
_a
Basic Concepts of Analytical Chemistry
250
_a
3rd
260
_a
India
_b
New Age International
_c
2008
300
_a
604 pages
942
_c
BK